| 000 -LEADER |
| fixed length control field |
00506nam a2200169 4500 |
| 008 - FIXED-LENGTH DATA ELEMENTS--GENERAL INFORMATION |
| fixed length control field |
190225b ||||| |||| 00| 0 eng d |
| 100 ## - MAIN ENTRY--PERSONAL NAME |
| Personal name |
Sharma, Hemant |
| 245 ## - TITLE STATEMENT |
| Title |
Status of marine fisheries sector in Gujarat |
| 260 ## - PUBLICATION, DISTRIBUTION, ETC. (IMPRINT) |
| Date of publication, distribution, etc |
2018 |
| 300 ## - PHYSICAL DESCRIPTION |
| Extent |
p.25-35. |
| 650 ## - SUBJECT ADDED ENTRY--TOPICAL TERM |
| Topical term or geographic name as entry element |
Fisheries - India - Gujarat |
| 9 (RLIN) |
2511 |
| 700 ## - ADDED ENTRY--PERSONAL NAME |
| Personal name |
Swain, M. |
| 9 (RLIN) |
2512 |
| 700 ## - ADDED ENTRY--PERSONAL NAME |
| Personal name |
Kalamkar, S.S. |
| 9 (RLIN) |
2513 |
| 773 ## - HOST ITEM ENTRY |
| Main entry heading |
Agricultural Situation in India |
| 906 ## - LOCAL DATA ELEMENT F, LDF (RLIN) |
| Subject DIP |
Fishing Industry and Trade - India - Gujarat |
| 942 ## - ADDED ENTRY ELEMENTS (KOHA) |
| Source of classification or shelving scheme |
|
| Item type |
Articles |